[Event "Junior Online 4NCL Division 5"]
[Site "online"]
[Date "2020.05.28"]
[Round "7.222"]
[White "Hilmi, Sofia"]
[Black "Eccleston, Rowan"]
[Result "0-1"]
[WhiteElo "812"]
[BlackElo "1217"]
[PlyCount "142"]
[EventDate "2020.05.28"]
[WhiteTeam "Blue Foxes 3"]
[BlackTeam "Manchester Juniors B"]

1. d4 e6 2. Nc3 d5 3. Nf3 c5 4. Bf4 Qb6 5. b3 Nc6 6. Na4 Qb4+ 7. Bd2 Qa3 8. e3
Nf6 9. Bb5 Bd7 10. O-O a6 11. Bxc6 Bxc6 12. Nc3 Bd6 13. Nb1 Qb2 14. Bc3 Qxa1
15. Bxa1 Bb5 16. Re1 Ng4 17. h3 Nf6 18. Nc3 O-O 19. Nxb5 axb5 20. dxc5 Bxc5 21.
Bxf6 gxf6 22. Qa1 e5 23. Rd1 d4 24. exd4 exd4 25. Nxd4 Rfd8 26. Nxb5 Rxd1+ 27.
Qxd1 Rxa2 28. Qb1 Ra5 29. Nc7 Bd4 30. Kh2 Be5+ 31. g3 Bxc7 32. c4 Bb6 33. Qe4
Ra7 34. Qg4+ Kh8 35. Qc8+ Kg7 36. Qf5 Ra2 37. Kg1 Bxf2+ 38. Kf1 Ba7 39. Qg4+
Kh6 40. Qd7 Ra1+ 41. Ke2 Ra2+ 42. Qd2+ Rxd2+ 43. Kxd2 Bb8 44. b4 Bxg3 45. Kc3
f5 46. b5 f4 47. b6 f3 48. c5 f2 49. Kc4 f1=Q+ 50. Kd5 Qd1+ 51. Ke4 Qe2+ 52.
Kd4 Qe5+ 53. Kd3 Qxc5 54. Ke2 Bf4 55. Kf3 Qe3+ 56. Kg4 Qg3+ 57. Kf5 Qg5+ 58.
Ke4 Qh4 59. Kf5 Bc1 60. Ke5 f6+ 61. Kf5 Qg5+ 62. Ke4 f5+ 63. Kf3 Qf4+ 64. Kg2
Qe4+ 65. Kf2 f4 66. h4 f3 67. h5 Qe2+ 68. Kg1 f2+ 69. Kh2 f1=Q+ 70. Kg3 Qeg2+
71. Kh4 Qfh1# 0-1

[Event "Junior Online 4NCL Division 5"]
[Site "online"]
[Date "2020.05.28"]
[Round "7.223"]
[White "Casserly, Darcy"]
[Black "Dyer, Emily"]
[Result "1-0"]
[WhiteElo "1075"]
[BlackElo "820"]
[PlyCount "25"]
[EventDate "2020.05.28"]
[WhiteTeam "Manchester Juniors B"]
[BlackTeam "Blue Foxes 3"]

1. e4 e5 2. Nf3 Bc5 3. Nxe5 Qh4 4. Qe2 Nf6 5. g3 Qh6 6. Qb5 Qg5 7. Qxc5 Na6 8.
Qc4 d6 9. Nxf7 O-O 10. Nxg5+ Rf7 11. Qxf7+ Kh8 12. Qf8+ Ng8 13. Nf7# 1-0

[Event "Junior Online 4NCL Division 5"]
[Site "online"]
[Date "2020.05.28"]
[Round "7.224"]
[White "Ahmad, Amelia"]
[Black "Meredith, George"]
[Result "1-0"]
[WhiteElo "775"]
[BlackElo "1082"]
[PlyCount "165"]
[EventDate "2020.05.28"]
[WhiteTeam "Blue Foxes 3"]
[BlackTeam "Manchester Juniors B"]

1. e4 e5 2. Nf3 Nc6 3. Bc4 Nf6 4. O-O Bc5 5. d3 O-O 6. Be3 Bxe3 7. fxe3 d6 8.
d4 Bg4 9. dxe5 Nxe5 10. Nxe5 dxe5 11. Qc1 Nxe4 12. Re1 Qf6 13. Rf1 Qc6 14. Bd3
Bf5 15. Rxf5 Qd5 16. Bxe4 Qxe4 17. Rf1 a5 18. Nc3 Qc4 19. Nd1 b6 20. Nf2 a4 21.
e4 Qe2 22. Re1 Qc4 23. Rd1 b5 24. Ng4 Qxe4 25. Nf2 c5 26. Nxe4 c4 27. Nd6 Rab8
28. Ne4 h6 29. Rd5 b4 30. Rxe5 a3 31. bxa3 bxa3 32. Qxa3 Rbc8 33. Nd2 c3 34.
Ne4 f6 35. Rc5 Rce8 36. Nxc3 Re7 37. Qc1 Rfe8 38. Qd2 Re6 39. Rc4 Rb6 40. Rd4
Rbb8 41. Qc1 Rbc8 42. Nb5 Rc5 43. Nd6 Rd8 44. Qa3 Rxc2 45. Rdd1 Re2 46. Kf1 Re6
47. Nb7 Rc8 48. Nd6 Rb8 49. Qa7 Rf8 50. Qa3 Re7 51. Nf5 Ree8 52. Re1 Rd8 53.
Ne7+ Kh8 54. Ng6+ Kg8 55. Nxf8 Rxf8 56. Qb3+ Kh7 57. Qb4 Kg8 58. Re7 Kh7 59.
Rxg7+ Kxg7 60. Re1 h5 61. a4 Kf7 62. Qe7+ Kg8 63. a5 Rf7 64. Qa3 Ra7 65. Re8+
Kf7 66. Qf8+ Kg6 67. Qg8+ Kf5 68. Qd5+ Kg6 69. Qc5 f5 70. Qxa7 Kg5 71. a6 f4
72. Qf7 Kg4 73. a7 f3 74. gxf3+ Kh3 75. a8=Q Kxh2 76. Qaa2+ Kg3 77. Qxh5 Kf4
78. Qh4+ Kf5 79. Qa5+ Kg6 80. Qe4+ Kf7 81. Qaf5+ Kg7 82. Qeg4+ Kh6 83. Qfh5#
1-0

[Event "Junior Online 4NCL Division 5"]
[Site "online"]
[Date "2020.05.28"]
[Round "7.225"]
[White "Abraham, Lexi"]
[Black "Burke, Alexander"]
[Result "0-1"]
[WhiteElo "850"]
[BlackElo "1300"]
[PlyCount "38"]
[EventDate "2020.05.28"]
[WhiteTeam "Blue Foxes 3"]
[BlackTeam "Manchester Juniors B"]

1. e4 e5 2. Nf3 d6 3. Bd3 Nc6 4. Bc4 Be7 5. d3 Bg4 6. h3 Bh5 7. g4 Bg6 8. Bd2
a6 9. Qc1 h6 10. h4 f6 11. Nc3 b5 12. Bxg8 Rxg8 13. d4 exd4 14. Nd5 Bxe4 15.
Nxe7 Qxe7 16. Rh3 Bxf3+ 17. Kf1 Bxg4 18. Re3 dxe3 19. fxe3 O-O-O 0-1

[Event "Junior Online 4NCL Division 5"]
[Site "online"]
[Date "2020.05.28"]
[Round "7.226"]
[White "Eccleston, Rowan"]
[Black "Hilmi, Sofia"]
[Result "0-1"]
[WhiteElo "1217"]
[BlackElo "812"]
[PlyCount "84"]
[EventDate "2020.05.28"]
[WhiteTeam "Manchester Juniors B"]
[BlackTeam "Blue Foxes 3"]

1. f4 e5 2. fxe5 d6 3. Nf3 dxe5 4. g3 Nc6 5. Bg2 Nf6 6. O-O Bc5+ 7. e3 O-O 8.
b3 Bg4 9. Bb2 Bxf3 10. Qxf3 Qd6 11. Qd5 Nxd5 12. Bxd5 Qxd5 13. Rf5 h6 14. d4
exd4 15. Rxd5 Bb6 16. exd4 Nb4 17. Re5 Nxc2 18. Re4 Nxa1 19. Bxa1 Rfe8 20. Nd2
Rxe4 21. Nxe4 Re8 22. Nf2 Re1+ 23. Kg2 Rxa1 24. a4 Bxd4 25. Ne4 f5 26. Nd2 Ra2
27. Kf3 Rxd2 28. b4 Rxh2 29. b5 Ra2 30. a5 Rxa5 31. b6 Bxb6 32. g4 fxg4+ 33.
Kxg4 Kf7 34. Kf4 Ke6 35. Kg3 Ra4 36. Kh3 Kf5 37. Kg2 Ra3 38. Kh2 c5 39. Kg2 Kf4
40. Kf2 Ra2+ 41. Ke1 Kf3 42. Kf1 Ra1# 0-1

[Event "Junior Online 4NCL Division 5"]
[Site "online"]
[Date "2020.05.28"]
[Round "7.227"]
[White "Dyer, Emily"]
[Black "Casserly, Darcy"]
[Result "0-1"]
[WhiteElo "820"]
[BlackElo "1075"]
[PlyCount "76"]
[EventDate "2020.05.28"]
[WhiteTeam "Blue Foxes 3"]
[BlackTeam "Manchester Juniors B"]

1. e4 e5 2. Qh5 Qf6 3. Nf3 Bc5 4. d4 exd4 5. Qxc5 Nc6 6. e5 Qg6 7. Nh4 Qe4+ 8.
Be2 Qxh4 9. O-O Nf6 10. exf6 Qxf6 11. Bg5 Qg6 12. Nd2 d6 13. Qd5 f5 14. Nf3 Be6
15. Qb5 O-O 16. Qxb7 Bd5 17. Qb5 f4 18. Qxd5+ Kh8 19. Qxc6 Rae8 20. Bxf4 Rxf4
21. c3 Rxe2 22. g3 Rf6 23. Nh4 Qf7 24. Qa8+ Qf8 25. Qxa7 g5 26. Nf3 Rxf3 27.
cxd4 Qg7 28. d5 Qxb2 29. Qa8+ Kg7 30. a4 Rexf2 31. Rfe1 Qc3 32. Re7+ Kf6 33.
Rf1 Rxf1+ 34. Kg2 Qd2+ 35. Kh3 g4+ 36. Kxg4 Qf4+ 37. Kh5 Qf5+ 38. Kh6 Qg6# 0-1

[Event "Junior Online 4NCL Division 5"]
[Site "online"]
[Date "2020.05.28"]
[Round "7.228"]
[White "Meredith, George"]
[Black "Ahmad, Amelia"]
[Result "1/2-1/2"]
[WhiteElo "1082"]
[BlackElo "775"]
[PlyCount "112"]
[EventDate "2020.05.28"]
[WhiteTeam "Manchester Juniors B"]
[BlackTeam "Blue Foxes 3"]

1. e4 e5 2. Nf3 Nf6 3. Nc3 Bc5 4. Bc4 O-O 5. O-O d6 6. d3 Be6 7. Bxe6 fxe6 8.
Bg5 h6 9. Bxf6 Rxf6 10. a3 d5 11. b4 Be7 12. Nxe5 dxe4 13. Nxe4 Rf5 14. Ng6 Bd6
15. Nh4 Qxh4 16. Nxd6 cxd6 17. Qe2 Rh5 18. h3 Re5 19. Qf3 Rf5 20. Qg3 Qd4 21.
Rae1 e5 22. Ra1 e4 23. dxe4 Qxe4 24. Qxd6 Qxc2 25. Qd8+ Rf8 26. Qd5+ Rf7 27.
Qd8+ Rf8 28. Qd5+ Kh8 29. Qxb7 Nc6 30. b5 Rab8 31. Qc7 Rbc8 32. Qb7 Nd4 33.
Qxa7 Ne2+ 34. Kh1 Ng3+ 35. Kg1 Nxf1 36. Rxf1 Rc7 37. Qb6 Rcf7 38. Qe3 Qb2 39.
b6 Rb8 40. Qe6 Rbf8 41. Qd6 Rxf2 42. Rxf2 Qxf2+ 43. Kh2 Qf4+ 44. Qxf4 Rxf4 45.
b7 Rf8 46. a4 Rb8 47. g4 Rxb7 48. h4 Ra7 49. g5 hxg5 50. hxg5 Rxa4 51. Kh3 Ra5
52. Kh4 Ra4+ 53. Kh5 Ra5 54. Kg6 Ra6+ 55. Kh5 g6+ 56. Kh6 Kg8 1/2-1/2

[Event "Junior Online 4NCL Division 5"]
[Site "online"]
[Date "2020.05.28"]
[Round "7.231"]
[White "Kulkarni, Arnav"]
[Black "Wakelin, Sam"]
[Result "1-0"]
[WhiteElo "1070"]
[BlackElo "887"]
[PlyCount "45"]
[EventDate "2020.05.28"]
[WhiteTeam "St John's College C"]
[BlackTeam "Leicestershire Juniors 5"]

1. e4 e5 2. Nf3 Nf6 3. Nxe5 Nxe4 4. Qe2 d6 5. Qxe4 c6 6. Nxc6+ Kd7 7. Nxd8 Kxd8
8. Bb5 a6 9. Qe8+ Kc7 10. Ba4 Bd7 11. Bxd7 Nxd7 12. Qxa8 g6 13. Qa7 Bh6 14. Qd4
Re8+ 15. Kd1 Nc5 16. Re1 Rxe1+ 17. Kxe1 f5 18. Nc3 g5 19. Nd5+ Kc6 20. Ne7+ Kd7
21. Nxf5 Ne6 22. Qxd6+ Ke8 23. Qe7# 1-0

[Event "Junior Online 4NCL Division 5"]
[Site "online"]
[Date "2020.05.28"]
[Round "7.232"]
[White "Dahi, Varad Prakash"]
[Black "Baranidharan, Kritthik"]
[Result "0-1"]
[WhiteElo "955"]
[BlackElo "1040"]
[PlyCount "56"]
[EventDate "2020.05.28"]
[WhiteTeam "Leicestershire Juniors 5"]
[BlackTeam "St John's College C"]

1. e4 e5 2. Nf3 Nc6 3. Nc3 Nf6 4. d4 exd4 5. Nxd4 Bb4 6. Nxc6 bxc6 7. Bd2 Bxc3
8. Bxc3 Nxe4 9. Bxg7 Rg8 10. Bc3 d5 11. Bd3 Rxg2 12. Bxe4 dxe4 13. Qxd8+ Kxd8
14. O-O-O+ Ke8 15. Be1 Bg4 16. Rd4 Bf3 17. h4 Rg4 18. Ba5 Bxh1 19. Bxc7 Rxh4
20. Rd6 c5 21. Rd5 e3 22. Rxc5 exf2 23. Re5+ Kd7 24. Rf5 Kxc7 25. Rxf2 Rd8 26.
Rxf7+ Kc8 27. Rxa7 Bb7 28. Ra3 Rh1# 0-1

[Event "Junior Online 4NCL Division 5"]
[Site "online"]
[Date "2020.05.28"]
[Round "7.233"]
[White "Omidvar, Dominic"]
[Black "Garg, Aarav"]
[Result "1-0"]
[WhiteElo "974"]
[BlackElo "850"]
[PlyCount "33"]
[EventDate "2020.05.28"]
[WhiteTeam "St John's College C"]
[BlackTeam "Leicestershire Juniors 5"]

1. e4 e5 2. Nf3 Nc6 3. Nc3 Bc5 4. Bb5 d6 5. d4 exd4 6. Nxd4 Bxd4 7. Qxd4 a6 8.
Qxg7 axb5 9. Qxh8 Qf6 10. Qxg8+ Kd7 11. Nd5 Qe5 12. Qxf7+ Kd8 13. Qf6+ Qxf6 14.
Nxf6 Nd4 15. O-O Nxc2 16. Rb1 Nd4 17. Nxh7 1-0

[Event "Junior Online 4NCL Division 5"]
[Site "online"]
[Date "2020.05.28"]
[Round "7.234"]
[White "Syed, Adeeb"]
[Black "Omidvar, Lara"]
[Result "1-0"]
[WhiteElo "842"]
[BlackElo "790"]
[PlyCount "25"]
[EventDate "2020.05.28"]
[WhiteTeam "Leicestershire Juniors 5"]
[BlackTeam "St John's College C"]

1. e4 e5 2. Nf3 Nc6 3. Bc4 Nf6 4. Ng5 d5 5. exd5 Nxd5 6. Qh5 Qd7 7. Bxd5 Qxd5
8. Nc3 Qd7 9. d3 Nd4 10. O-O Nxc2 11. Rb1 Bb4 12. Nce4 O-O 13. Qxh7# 1-0

[Event "Junior Online 4NCL Division 5"]
[Site "online"]
[Date "2020.05.28"]
[Round "7.235"]
[White "Wakelin, Sam"]
[Black "Kulkarni, Arnav"]
[Result "0-1"]
[WhiteElo "887"]
[BlackElo "1070"]
[PlyCount "64"]
[EventDate "2020.05.28"]
[WhiteTeam "Leicestershire Juniors 5"]
[BlackTeam "St John's College C"]

1. d4 d5 2. Nc3 Nf6 3. Bf4 a6 4. g3 Nc6 5. Bg2 Bf5 6. Bg5 Nb4 7. e4 dxe4 8.
Bxe4 Bxe4 9. Kd2 Bxh1 10. Bf4 Qxd4+ 11. Kc1 Qxd1+ 12. Kxd1 Rd8+ 13. Kc1 Nbd5
14. Kd1 Nxc3+ 15. Ke1 Ncd5 16. f3 Nxf4 17. Kf1 Bg2+ 18. Kf2 Rd2+ 19. Ke3 Rxc2
20. gxf4 Nd5+ 21. Kd4 Nxf4 22. Ke4 Ng6 23. Ke3 Rxb2 24. Ke4 c5 25. Kf5 c4 26.
Kg4 c3 27. Kg3 c2 28. Kxg2 c1=Q+ 29. Kh1 Qxa1 30. f4 Qc1 31. f5 Qg5 32. h4 Qg2#
0-1

[Event "Junior Online 4NCL Division 5"]
[Site "online"]
[Date "2020.05.28"]
[Round "7.236"]
[White "Baranidharan, Kritthik"]
[Black "Dahi, Varad Prakash"]
[Result "1-0"]
[WhiteElo "1040"]
[BlackElo "955"]
[PlyCount "61"]
[EventDate "2020.05.28"]
[WhiteTeam "St John's College C"]
[BlackTeam "Leicestershire Juniors 5"]

1. Nf3 e6 2. g3 Nc6 3. Bg2 e5 4. O-O Nf6 5. d3 Bd6 6. Nbd2 O-O 7. e4 Bb4 8. a3
Bxd2 9. Qxd2 Nd4 10. Nxe5 d6 11. Nc4 Bg4 12. f3 Be6 13. c3 Nb3 14. Qc2 Nxa1 15.
Qd1 Bxc4 16. dxc4 a5 17. Bf4 a4 18. Qxa1 c6 19. Rd1 d5 20. e5 Nd7 21. cxd5 cxd5
22. Rxd5 Qb6+ 23. Kf1 Qc6 24. Qd1 Nb6 25. Rd6 Qb5+ 26. Kg1 Qxb2 27. Qd4 Nc8 28.
Rd7 Qb1+ 29. Bf1 Qb2 30. e6 fxe6 31. Qxg7# 1-0

[Event "Junior Online 4NCL Division 5"]
[Site "online"]
[Date "2020.05.28"]
[Round "7.237"]
[White "Garg, Aarav"]
[Black "Omidvar, Dominic"]
[Result "0-1"]
[WhiteElo "850"]
[BlackElo "974"]
[PlyCount "122"]
[EventDate "2020.05.28"]
[WhiteTeam "Leicestershire Juniors 5"]
[BlackTeam "St John's College C"]

1. e4 e5 2. Nf3 Nc6 3. Bc4 Nf6 4. Ng5 d5 5. exd5 Nxd5 6. Nxf7 Kxf7 7. Qf3+ Ke7
8. Bxd5 Be6 9. Bxe6 Kxe6 10. Nc3 Bb4 11. Qg4+ Ke7 12. Qg5+ Ke8 13. Qxd8+ Rxd8
14. a3 Bxc3 15. dxc3 b5 16. Bg5 Rd5 17. b3 Ne7 18. Bxe7 Kxe7 19. c4 bxc4 20.
bxc4 Rc5 21. O-O Rxc4 22. Rae1 Rxc2 23. Rxe5+ Kd6 24. Ra5 Ra2 25. Rxa7 Rb8 26.
h3 c5 27. Rxg7 Rxa3 28. Rxh7 c4 29. Rd1+ Kc6 30. Rh6+ Kc5 31. Re1 c3 32. Rc1
Rc8 33. Rh5+ Kc4 34. Re5 Ra2 35. Ree1 Kd3 36. Red1+ Rd2 37. Rxd2+ cxd2 38. Rxc8
d1=Q+ 39. Kh2 Qe2 40. Rd8+ Kc2 41. Rc8+ Kd3 42. Rd8+ Kc4 43. Rc8+ Kd5 44. Ra8
Qxf2 45. Ra5+ Ke4 46. Ra4+ Ke3 47. Ra3+ Kd4 48. Ra4+ Kc3 49. Ra8 Qf4+ 50. Kh1
Kb4 51. Rh8 Kc5 52. Rc8+ Kd5 53. Rd8+ Ke6 54. Ra8 Kf7 55. Ra7+ Kf6 56. Ra6+ Kg5
57. Ra5+ Kh4 58. Ra8 Kg3 59. Rg8+ Kf2 60. Ra8 Qc1+ 61. Kh2 Qg1# 0-1

[Event "Junior Online 4NCL Division 5"]
[Site "online"]
[Date "2020.05.28"]
[Round "7.238"]
[White "Omidvar, Lara"]
[Black "Syed, Adeeb"]
[Result "1/2-1/2"]
[WhiteElo "790"]
[BlackElo "842"]
[PlyCount "100"]
[EventDate "2020.05.28"]
[WhiteTeam "St John's College C"]
[BlackTeam "Leicestershire Juniors 5"]

1. e4 e5 2. Nf3 Nc6 3. Bc4 Bc5 4. O-O Nf6 5. Nc3 O-O 6. d3 d6 7. Bg5 Bd4 8. Nd5
Bxb2 9. Rb1 Bc3 10. Nxc3 Bg4 11. Nd5 Bxf3 12. Qxf3 Nd4 13. Nxf6+ gxf6 14. Qxf6
Qxf6 15. Bxf6 Nxc2 16. Rxb7 c5 17. Bd5 Nb4 18. Rd7 Nxd5 19. exd5 Rab8 20. Rxa7
Rb6 21. Be7 Rfb8 22. Bxd6 Rxd6 23. g4 Rxd5 24. Rd1 Rd4 25. Kg2 c4 26. Ra3 e4
27. h4 exd3 28. g5 Rg4+ 29. Kh3 Rd4 30. Rc3 Rc8 31. f4 Kg7 32. Kg4 Kg6 33. h5+
Kg7 34. h6+ Kg6 35. a4 f5+ 36. Kg3 Kh5 37. a5 Ra8 38. Ra1 d2 39. Rd1 Rxa5 40.
Kf2 Rd3 41. Rxc4 Kg4 42. Ke2 Rd8 43. Rxd2 Rxd2+ 44. Kxd2 Rd5+ 45. Ke3 Kh5 46.
Rc7 Kg6 47. Rc6+ Kf7 48. Rc7+ Kg6 49. Rc6+ Kh5 50. Rc7 Kg6 1/2-1/2

[Event "Junior Online 4NCL Division 5"]
[Site "online"]
[Date "2020.05.28"]
[Round "7.241"]
[White "Knight, Michael D"]
[Black "Evans, Macsen"]
[Result "1-0"]
[WhiteElo "1210"]
[BlackElo "691"]
[PlyCount "67"]
[EventDate "2020.05.28"]
[WhiteTeam "Uxbridge Juniors Jamma"]
[BlackTeam "TSK Tigers C"]

1. e4 e5 2. Nf3 Nc6 3. Bc4 Nf6 4. Ng5 Qe7 5. d3 Nb4 6. Bd2 Qd8 7. Nxf7 Ke7 8.
Nxd8 Kxd8 9. O-O Bc5 10. Bxb4 Bxb4 11. a3 Bc5 12. b4 Be7 13. Nc3 Ne8 14. Nd5
Bf8 15. Qg4 Nf6 16. Nxf6 gxf6 17. Qh4 Be7 18. Qh6 c6 19. Qg7 Rf8 20. Qxh7 b5
21. Bf7 Rxf7 22. Qxf7 Ba6 23. Qg8+ Bf8 24. Qxf8+ Kc7 25. Qxa8 Bb7 26. Qxa7 d5
27. exd5 cxd5 28. a4 Kc6 29. axb5+ Kc7 30. b6+ Kc8 31. Rfe1 Bc6 32. d4 exd4 33.
Re7 Kd8 34. Qc7# 1-0

[Event "Junior Online 4NCL Division 5"]
[Site "online"]
[Date "2020.05.28"]
[Round "7.242"]
[White "Quin, Nicolas"]
[Black "Dhir, Jai Alexander"]
[Result "0-1"]
[WhiteElo "660"]
[BlackElo "1037"]
[PlyCount "70"]
[EventDate "2020.05.28"]
[WhiteTeam "TSK Tigers C"]
[BlackTeam "Uxbridge Juniors Jamma"]

1. e4 e5 2. Qh5 Nf6 3. Qxe5+ Be7 4. Nc3 Nc6 5. Qg3 O-O 6. d3 Nd4 7. Rb1 Nxc2+
8. Kd2 Nd4 9. Ke1 Bb4 10. Bh6 Ne6 11. d4 Bxc3+ 12. bxc3 Nxe4 13. Qe5 Qh4 14.
Be3 Nxc3 15. Rc1 Nxa2 16. Rc2 Nb4 17. Rc4 Nc6 18. Qd5 Nf4 19. Qf3 d5 20. Rc2
Bf5 21. Rb2 Nd3+ 22. Bxd3 Bxd3 23. g3 Qe7 24. Rxb7 Nxd4 25. Qxd5 Nc2+ 26. Kd2
Nxe3 27. fxe3 Be4 28. Qd4 Bxb7 29. e4 Rfd8 30. Qxd8+ Rxd8+ 31. Ke3 Qxe4+ 32.
Kf2 Qxh1 33. Nf3 Qxf3+ 34. Ke1 Ba6 35. g4 Qe2# 0-1

[Event "Junior Online 4NCL Division 5"]
[Site "online"]
[Date "2020.05.28"]
[Round "7.243"]
[White "Shotton, Alex"]
[Black "Choung, James Alexander"]
[Result "0-1"]
[WhiteElo "1067"]
[BlackElo "630"]
[PlyCount "80"]
[EventDate "2020.05.28"]
[WhiteTeam "Uxbridge Juniors Jamma"]
[BlackTeam "TSK Tigers C"]

1. e4 e5 2. Nc3 Nf6 3. Bc4 d5 4. exd5 Bg4 5. f3 Bh5 6. g4 Bg6 7. g5 Nfd7 8. h4
Bh5 9. Be2 Nb6 10. f4 Bxe2 11. Ngxe2 exf4 12. Nxf4 Nc4 13. Qe2+ Be7 14. Qxc4
O-O 15. d3 Re8 16. Nce2 a6 17. g6 b5 18. Qe4 Bb4+ 19. Qxb4 Re5 20. d4 Re4 21.
Rh3 c5 22. Qxc5 Nd7 23. Qb4 Ne5 24. dxe5 Rxb4 25. gxh7+ Kxh7 26. Nd3 Rxh4 27.
Rxh4+ Qxh4+ 28. Kd2 Rc8 29. d6 Qg5+ 30. Kd1 Qg2 31. d7 Rd8 32. Nc5 Qd5+ 33. Bd2
Qh1+ 34. Be1 Qd5+ 35. Nd3 Rxd7 36. e6 Qxe6 37. Nef4 Qg4+ 38. Ne2 Qe4 39. Bc3
Qh1+ 40. Kd2 Qxa1 0-1

[Event "Junior Online 4NCL Division 5"]
[Site "online"]
[Date "2020.05.28"]
[Round "7.244"]
[White "Squirrell, Baxter"]
[Black "Ng, Jacob"]
[Result "0-1"]
[WhiteElo "589"]
[BlackElo "925"]
[PlyCount "96"]
[EventDate "2020.05.28"]
[WhiteTeam "TSK Tigers C"]
[BlackTeam "Uxbridge Juniors Jamma"]

1. e4 e5 2. Nf3 Nc6 3. Bc4 h6 4. c3 Nf6 5. d4 d6 6. O-O exd4 7. cxd4 Bg4 8. Be2
Bxf3 9. Bxf3 Be7 10. Nc3 O-O 11. e5 dxe5 12. dxe5 Qxd1 13. Nxd1 Nxe5 14. Bxb7
Rab8 15. Ba6 Rb6 16. Be2 Bc5 17. Be3 Bxe3 18. Nxe3 Rxb2 19. Nd1 Rxe2 20. Nc3
Rc2 21. Nb1 Rc6 22. Na3 Ra6 23. Nb5 c6 24. Nc7 Rb6 25. Rab1 Nc4 26. Rxb6 Nxb6
27. Rb1 Nfd5 28. Nxd5 Nxd5 29. Rb7 a5 30. Rc7 Nxc7 31. Kf1 Re8 32. a4 c5 33. f3
c4 34. g3 g5 35. Kg2 c3 36. h4 c2 37. Kh3 c1=Q 38. h5 Qh1+ 39. Kg4 Rd8 40. Kf5
Qxf3+ 41. Ke5 Qe3+ 42. Kf6 Rd6+ 43. Kf5 Qxg3 44. Ke4 Qe1+ 45. Kf3 Rf6+ 46. Kg4
Rf2 47. Kg3 Qg1+ 48. Kh3 Rh2# 0-1

[Event "Junior Online 4NCL Division 5"]
[Site "online"]
[Date "2020.05.28"]
[Round "7.245"]
[White "Evans, Macsen"]
[Black "Knight, Michael D"]
[Result "0-1"]
[WhiteElo "691"]
[BlackElo "1210"]
[PlyCount "102"]
[EventDate "2020.05.28"]
[WhiteTeam "TSK Tigers C"]
[BlackTeam "Uxbridge Juniors Jamma"]

1. e4 e6 2. Bb5 a6 3. Ba4 b5 4. Bb3 d5 5. exd5 exd5 6. Bxd5 Qxd5 7. Nc3 Qxg2 8.
Qf3 Bb7 9. Qxg2 Bxg2 10. Nf3 Bxh1 11. Ng5 Nf6 12. f3 h6 13. Nh3 Bxf3 14. d4 Bb4
15. Ng1 Bxc3+ 16. bxc3 Be4 17. Ne2 Bxc2 18. Kd2 Bf5 19. Ng3 Be4 20. Nxe4 Nxe4+
21. Ke3 Nxc3 22. Bb2 Nd5+ 23. Ke4 Nb4 24. Bc3 c5 25. d5 g6 26. a3 f6 27. axb4
O-O 28. bxc5 Re8+ 29. Kd4 Nd7 30. Bd2 Ne5 31. Bxh6 Nf3+ 32. Kc3 Nxh2 33. Bf4
Nf3 34. Rf1 Re3+ 35. Kc2 Re4 36. Rxf3 Rc4+ 37. Kd3 Rxc5 38. Bd6 Rxd5+ 39. Ke4
Rxd6 40. Rd3 Re8+ 41. Kf3 Rxd3+ 42. Kf4 Rd1 43. Kg4 Rf1 44. Kh3 Re5 45. Kg2 Rf4
46. Kg3 g5 47. Kh3 Re3+ 48. Kg2 Ra4 49. Kf2 Rb3 50. Ke2 Ra2+ 51. Kd1 Rb1# 0-1

[Event "Junior Online 4NCL Division 5"]
[Site "online"]
[Date "2020.05.28"]
[Round "7.246"]
[White "Dhir, Jai Alexander"]
[Black "Quin, Nicolas"]
[Result "1-0"]
[WhiteElo "1037"]
[BlackElo "660"]
[PlyCount "53"]
[EventDate "2020.05.28"]
[WhiteTeam "Uxbridge Juniors Jamma"]
[BlackTeam "TSK Tigers C"]

1. e4 e5 2. Nf3 Nc6 3. d4 d6 4. d5 Nb4 5. Bd2 Na6 6. Bxa6 bxa6 7. O-O Nf6 8.
Nc3 Ng4 9. h3 Nh6 10. Bxh6 gxh6 11. Re1 Qf6 12. Qd3 Rg8 13. b4 Rb8 14. a3 h5
15. b5 axb5 16. Nxb5 a6 17. Nxc7+ Kd8 18. Nxa6 Bxa6 19. Qxa6 Qxf3 20. g3 h4 21.
Re3 Qf6 22. Qa5+ Kc8 23. Qa6+ Kc7 24. Qa7+ Kc8 25. Rc3+ Kd8 26. Qxb8+ Ke7 27.
Rc7# 1-0

[Event "Junior Online 4NCL Division 5"]
[Site "online"]
[Date "2020.05.28"]
[Round "7.247"]
[White "Choung, James Alexander"]
[Black "Shotton, Alex"]
[Result "1-0"]
[WhiteElo "630"]
[BlackElo "1067"]
[PlyCount "51"]
[EventDate "2020.05.28"]
[WhiteTeam "TSK Tigers C"]
[BlackTeam "Uxbridge Juniors Jamma"]

1. e4 e5 2. Nf3 d6 3. Nc3 Nc6 4. Bb5 a6 5. Bxc6+ bxc6 6. O-O d5 7. exd5 cxd5 8.
Nxe5 d4 9. Qf3 Rb8 10. Nd5 Qd6 11. Re1 f6 12. Nc4+ Qe7 13. Nxe7 Bxe7 14. Qc6+
Bd7 15. Qe4 c5 16. Nd6+ Kf8 17. Nc4 Rb4 18. Na3 g6 19. d3 f5 20. Qa8+ Kg7 21.
Qd5 Be8 22. Qe5+ Kf8 23. Qxh8 Bf6 24. Bh6+ Kf7 25. Qxh7+ Bg7 26. Qxg7# 1-0

[Event "Junior Online 4NCL Division 5"]
[Site "online"]
[Date "2020.05.28"]
[Round "7.248"]
[White "Ng, Jacob"]
[Black "Squirrell, Baxter"]
[Result "1-0"]
[WhiteElo "925"]
[BlackElo "589"]
[PlyCount "73"]
[EventDate "2020.05.28"]
[WhiteTeam "Uxbridge Juniors Jamma"]
[BlackTeam "TSK Tigers C"]

1. d4 d5 2. Nc3 Nf6 3. Nf3 Nc6 4. Bf4 Rg8 5. e3 Bf5 6. Bd3 Qc8 7. O-O Nb4 8. a3
Nxd3 9. cxd3 e6 10. Re1 Bd6 11. Bxd6 cxd6 12. e4 Bg4 13. exd5 Nh5 14. dxe6 fxe6
15. Re4 Bf5 16. Re3 e5 17. dxe5 dxe5 18. Nxe5 Qe6 19. f4 O-O-O 20. g3 Nf6 21.
d4 Bg4 22. Qe1 Bh5 23. Nd1 Ne4 24. Rxe4 Rge8 25. Rc1+ Kb8 26. Nc6+ bxc6 27.
Rxe6 Rxe6 28. Qxe6 Kc7 29. Qe5+ Kd7 30. Qxh5 Rh8 31. d5 Kc7 32. Rxc6+ Kd7 33.
Qf5+ Kd8 34. Rc8+ Ke7 35. Rxh8 g6 36. Qf8+ Kd7 37. Rxh7# 1-0

[Event "Junior Online 4NCL Division 5"]
[Site "online"]
[Date "2020.05.28"]
[Round "7.251"]
[White "Murthy, Rishab"]
[Black "Yao, Rian"]
[Result "0-1"]
[WhiteElo "1150"]
[BlackElo "1150"]
[PlyCount "52"]
[EventDate "2020.05.28"]
[WhiteTeam "Hallfield School C"]
[BlackTeam "MCS Niners"]

1. d4 Nf6 2. Nc3 e6 3. Bf4 Nc6 4. e4 Bb4 5. Qd3 Bxc3+ 6. bxc3 O-O 7. O-O-O Re8
8. h3 e5 9. dxe5 Nxe5 10. Bxe5 Rxe5 11. Nf3 Rxe4 12. g4 h6 13. h4 Rxg4 14. Ne5
Ra4 15. Kb1 Ra5 16. Nc6 bxc6 17. Bh3 Rd5 18. Qg3 Ne4 19. Qf3 Nd2+ 20. Rxd2 Rxd2
21. Qe3 Rd6 22. Re1 Kf8 23. Rg1 Qxh4 24. Qg3 Qxg3 25. Rxg3 Rb8+ 26. Ka1 Rd1#
0-1

[Event "Junior Online 4NCL Division 5"]
[Site "online"]
[Date "2020.05.28"]
[Round "7.252"]
[White "Lakha, Haider"]
[Black "Sareen, Rohan"]
[Result "1-0"]
[WhiteElo "1112"]
[BlackElo "1187"]
[PlyCount "79"]
[EventDate "2020.05.28"]
[WhiteTeam "MCS Niners"]
[BlackTeam "Hallfield School C"]

1. e4 e5 2. Nf3 Nc6 3. d4 exd4 4. Nxd4 Ne5 5. Bf4 Bd6 6. Nf5 Be7 7. Nxe7 Qxe7
8. Bxe5 Qxe5 9. Bd3 Qxb2 10. Nd2 Qc3 11. O-O Nf6 12. Nc4 b5 13. Ne3 O-O 14. e5
Nh5 15. Qxh5 h6 16. Qf5 g6 17. Nd5 Qc6 18. Qf6 Qxd5 19. Rad1 Bb7 20. f3 Qd4+
21. Rf2 Rfe8 22. Bxg6 Qxd1+ 23. Rf1 Qd4+ 24. Rf2 fxg6 25. Qxg6+ Kf8 26. Qxh6+
Kg8 27. Qg6+ Kf8 28. Qf6+ Kg8 29. Qg6+ Kh8 30. Qh6+ Kg8 31. Qg5+ Kh7 32. Qf5+
Kg7 33. Qf6+ Kh7 34. Qf7+ Kh6 35. Qf6+ Kh5 36. g4+ Qxg4+ 37. fxg4+ Kxg4 38.
Qg6+ Kh4 39. Rf5 Rg8 40. Rh5# 1-0

[Event "Junior Online 4NCL Division 5"]
[Site "online"]
[Date "2020.05.28"]
[Round "7.253"]
[White "Khashu, Rohan"]
[Black "Large, Marcus"]
[Result "0-1"]
[WhiteElo "1097"]
[BlackElo "857"]
[PlyCount "94"]
[EventDate "2020.05.28"]
[WhiteTeam "Hallfield School C"]
[BlackTeam "MCS Niners"]

1. e4 c5 2. c4 Nc6 3. Nf3 Nf6 4. Nc3 a6 5. g3 e6 6. d3 Be7 7. b3 O-O 8. a4 d6
9. h4 Bd7 10. Bg5 Qc7 11. Bxf6 Bxf6 12. g4 Bxc3+ 13. Ke2 Nd4+ 14. Nxd4 cxd4 15.
Rc1 Bb4 16. Bg2 e5 17. f3 Be6 18. g5 h6 19. gxh6 gxh6 20. Qg1 f6 21. Bh3+ Kh8
22. Bxe6 Qe7 23. Bh3 Rg8 24. Qf1 Raf8 25. Bf5 Rg7 26. Qh3 Qf7 27. h5 Bc3 28.
Bg6 Qg8 29. Bf5 Bb2 30. Rb1 Ba3 31. Be6 Qh7 32. Ra1 Bc5 33. Rab1 Bb6 34. Ra1
Bd8 35. Bf5 b6 36. Bxh7 Rxh7 37. Qd7 Rxd7 38. a5 bxa5 39. b4 axb4 40. Rxa6 Rg8
41. Ra4 Rg2+ 42. Kf1 Rdg7 43. Ra8 Rg8 44. Ra7 Bb6 45. Rf7 Rb2 46. Rh4 Rgg2 47.
Rf8+ Kg7 0-1